000 00499nam a2200181Ia 4500
003 GCL
008 140319s9999 xx 000 0 ara d
040 _aGCL /
_cGCL
082 0 4 _a843.03
_bو ل
100 1 _aتوماس، ويل
245 1 0 _aلا حدود للحب /
_cتوماس، ويل
260 _a[S.N] :
_bالمكتبة الثقافية ،
_c1987
300 _a151 ص
490 _a
650 0 4 _aالادب الفرنسى
650 0 4 _aالقصص الفرنسية
942 _2ddc
_cBK
999 _c57191
_d57191